000 00552nam a2200217Ia 4500
005 20250425161224.0
008 250425s9999 xx 000 0 und d
020 _a0314779116
041 _aeng
082 _a001.64
100 _aHAROLD, FREDERICK G.
245 0 _aINSTRUCTOR'S MANUAL TO ACCOMPANY INTRODUCTION TO COMPUTERS
250 _aS.E.
260 _aEstados Unidos
_bWEST PUBLISHING
_c1984
260 _aSAINT PAUL
300 _a349
650 _aCOMPUTADORAS
650 _aPROCESAMIENTO DE DATOS
942 _c01
010 _a15516
999 _c204902
_d204902